| 000 | 00993cam a2200265 a 4500 | ||
|---|---|---|---|
| 001 | 000013225 | ||
| 003 | DO-SdBNP | ||
| 005 | 20251031092602.0 | ||
| 008 | 991005s1994 mx b f000 0 spa d | ||
| 020 | _z968638412X | ||
| 040 |
_aDO-SdBNP _bspa _cLC _dBNPHU |
||
| 049 | _aBNGR | ||
| 082 |
_a337.172 _bR853o |
||
| 100 | 1 |
_aRoubik, Caroline _930359 |
|
| 245 | 1 | 4 |
_aLos orígenes de la integración Latinoamericana / _cCaroline Roubik, Marcela Schmidt. |
| 260 |
_aMéxico : _bInstituto Panamericano de Geografía e Historia ; _bFondo de Cultura Económica, _c1994. |
||
| 300 |
_a198 p. ; _c21 cm. |
||
| 490 | 1 |
_aInstituto Panamericano de Geografía e Historia _v469 |
|
| 650 | 4 |
_a Relaciones económicas internacionales _91067 |
|
| 651 | 0 |
_aAmérica Latina _xCodiciones económicas _94092 |
|
| 651 | 0 |
_aAmérica Latina _xPolítica y gobierno _94092 |
|
| 830 | 0 |
_aInstituto Panamericano de Geografía e Historia ; _v469 _930361 |
|
| 910 | _aCatalogación por copia / LC | ||
| 942 |
_2ddc _cLBS1 |
||
| 999 |
_c12857 _d12857 |
||